単独市制(1949年まで) - Statistics

General Stats
  • This quiz has been taken 134 times
  • The average score is 83 of 111
Answer Stats
市名 施行年月日 都道府県 旧所属郡 備考 % Correct
前橋市 1892/04/01 群馬県 東群馬郡
96%
長野市 1897/04/01 長野県 上水内郡
94%
高崎市 1900/04/01 群馬県 群馬郡
94%
宇都宮市 1896/04/01 栃木県 河内郡
93%
大津市 1898/10/01 滋賀県 滋賀郡
93%
四日市市 1897/08/01 三重県 三重郡
91%
奈良市 1898/02/01 奈良県 添上郡
91%
青森市 1898/04/01 青森県 東津軽郡
91%
福島市 1907/04/01 福島県 信夫郡
91%
松本市 1907/05/01 長野県 東筑摩郡
90%
福山市 1916/07/01 広島県 深安郡
90%
若松市 1899/04/01 福島県 北会津郡 1955年改称
89%
豊橋市 1906/08/01 愛知県 渥美郡
89%
横須賀市 1907/02/15 神奈川県 三浦郡
89%
若松市 1914/04/01 福岡県 遠賀郡 1963年合併
89%
足利市 1921/01/01 栃木県 足利郡
89%
大分市 1911/04/01 大分県 大分郡
88%
浜松市 1911/07/01 静岡県 浜名郡
88%
明石市 1919/11/01 兵庫県 明石郡
88%
長岡市 1906/04/01 新潟県 古志郡
86%
千葉市 1921/01/01 千葉県 千葉郡
86%
小倉市 1900/04/01 福岡県 企救郡 1963年合併
85%
佐世保市 1902/04/01 長崎県 東彼杵郡 村から昇格
85%
八王子市 1917/09/01 東京府 南多摩郡
85%
尾道市 1898/04/01 広島県 御調郡
84%
丸亀市 1899/04/01 香川県 那珂郡
84%
上田市 1919/05/01 長野県 小県郡
84%
桑名市 1937/04/01 三重県 桑名郡
84%
栃木市 1937/04/01 栃木県 下都賀郡
84%
大垣市 1918/04/01 岐阜県 安八郡
83%
米子市 1927/04/01 鳥取県 西伯郡
81%
倉敷市 1928/04/01 岡山県 都窪郡
81%
門司市 1899/04/01 福岡県 企救郡 1963年合併
80%
岡崎市 1916/07/01 愛知県 額田郡
80%
八幡市 1917/09/01 福岡県 遠賀郡 1963年合併
80%
別府市 1924/04/01 大分県 速見郡
80%
萩市 1932/07/01 山口県 阿武郡
80%
夕張市 1943/04/01 北海道 夕張郡
80%
桐生市 1921/03/01 群馬県 山田郡
79%
都城市 1924/04/01 宮崎県 北諸県郡
79%
鶴岡市 1924/10/01 山形県 西田川郡
79%
酒田市 1933/04/01 山形県 飽海郡
79%
網走市 1947/02/11 北海道 網走郡
79%
留萌市 1947/10/01 北海道 留萌郡
79%
稚内市 1949/04/01 北海道 宗谷郡
79%
大牟田市 1917/03/01 福岡県 三池郡
78%
岸和田市 1922/11/01 大阪府 泉南郡
78%
延岡市 1933/02/11 宮崎県 東臼杵郡
78%
浦和市 1934/02/11 埼玉県 北足立郡 2001年合併
78%
立川市 1940/12/01 東京府 北多摩郡
78%
高田市 1911/09/01 新潟県 中頸城郡 1971年合併
77%
一宮市 1921/09/01 愛知県 中島郡
77%
宇部市 1921/11/01 山口県 厚狭郡 村から昇格
77%
西宮市 1925/04/01 兵庫県 武庫郡
77%
柏崎市 1940/07/01 新潟県 刈羽郡
77%
中津市 1929/04/20 大分県 下毛郡
75%
帯広市 1933/04/01 北海道 河西郡
75%
石巻市 1933/04/01 宮城県 牡鹿郡
75%
舞鶴市 1938/08/01 京都府 加佐郡
75%
藤沢市 1940/10/01 神奈川県 高座郡
75%
泉佐野市 1948/04/01 大阪府 泉南郡 佐野町から昇格、改称
75%
太田市 1948/05/03 群馬県 新田郡
75%
熊谷市 1933/04/01 埼玉県 大里郡
74%
福知山市 1937/04/01 京都府 天田郡
74%
豊原市 1937/07/01 樺太 豊原郡 1949年廃止
74%
出雲市 1941/11/03 島根県 簸川郡
74%
唐津市 1932/01/01 佐賀県 東松浦郡
73%
松阪市 1933/02/01 三重県 飯南郡
73%
三条市 1934/04/01 新潟県 南蒲原郡
73%
川内市 1940/02/11 鹿児島県 薩摩郡
73%
北見市 1942/06/10 北海道 常呂郡 野付牛町から昇格、改称
73%
相生市 1942/10/01 兵庫県 赤穂郡
73%
磐田市 1948/04/01 静岡県 磐田郡
73%
平塚市 1932/04/01 神奈川県 中郡
72%
芦屋市 1940/11/10 兵庫県 武庫郡 精道村から昇格、改称
72%
泉大津市 1942/04/01 大阪府 泉北郡 大津町から昇格、改称
72%
宇治山田市 1906/09/01 三重県 度会郡 1955年改称
70%
徳山市 1935/10/15 山口県 都濃郡 2003年合併
70%
新庄市 1949/04/01 山形県 最上郡
70%
伏見市 1929/05/01 京都府 紀伊郡 1931年編入
69%
飯塚市 1932/01/20 福岡県 嘉穂郡
69%
岡谷市 1936/04/01 長野県 諏訪郡 平野村から昇格、改称
69%
釜石市 1937/05/05 岩手県 上閉伊郡
69%
飾磨市 1940/02/11 兵庫県 飾磨郡 1946年消滅
69%
多治見市 1940/08/01 岐阜県 土岐郡
68%
大和高田市 1948/01/01 奈良県 北葛城郡 高田町から昇格、改称
67%
戸畑市 1924/09/01 福岡県 遠賀郡 1963年合併
65%
池田市 1939/04/29 大阪府 豊能郡
65%
洲本市 1940/02/11 兵庫県 津名郡
65%
高槻市 1943/01/01 大阪府 三島郡
65%
岩見沢市 1943/04/01 北海道 空知郡
64%
石垣市 1947/07/10 八重山 八重山郡
64%
茅ヶ崎市 1947/10/01 神奈川県 高座郡
64%
苫小牧市 1948/04/01 北海道 勇払郡
64%
新発田市 1947/01/01 新潟県 北蒲原郡
63%
瀬戸市 1929/10/01 愛知県 東春日井郡
62%
島田市 1948/01/01 静岡県 志太郡
62%
水俣市 1949/04/01 熊本県 葦北郡
62%
直方市 1931/01/01 福岡県 鞍手郡
60%
貝塚市 1943/05/01 大阪府 泉南郡
60%
枚方市 1947/08/01 大阪府 北河内郡
59%
枕崎市 1949/09/01 鹿児島県 川辺郡
59%
塩竈市 1941/11/23 宮城県 宮城郡
57%
鹿沼市 1948/10/10 栃木県 上都賀郡
57%
行田市 1949/05/03 埼玉県 北埼玉郡 忍町から昇格、改称
54%
吉原市 1948/04/01 静岡県 富士郡 1966年合併
52%
名瀬市 1946/07/01 大島 大島郡 2006年合併
51%
武蔵野市 1947/11/03 東京都 北多摩郡
51%
平良市 1947/03/07 宮古 宮古郡 2005年合併
48%
石川市 1945/09/26 琉球 中頭郡 美里村から分立して昇格
43%
津島市 1947/03/01 愛知県 海部郡
43%
No matching quizzes found
Score Distribution
Percent of People with Each Score
Percentile by Number Answered
Your Score History
You have not taken this quiz